Sports Quiz

Random Sports or NBA Quiz

2008-2009 NBA Leaders Points per Game Quiz Stats

Quiz not verified by Sporcle

Challenge
Share
Tweet
Embed
Score 0/50 Timer 06:00
0 Plays Today
Team Player % Correct
Cleveland CavaliersLeBron James
100%
Miami HeatDwyane Wade
99.6%
Los Angeles LakersKobe Bryant
99.6%
New Orleans HornetsChris Paul
98.4%
Dallas MavericksDirk Nowitzki
98.2%
Denver NuggetsCarmelo Anthony
98.1%
Oklahoma City ThunderKevin Durant
97.5%
San Antonio SpursTim Duncan
96.6%
Boston CelticsPaul Pierce
96%
San Antonio SpursTony Parker
95.8%
Toronto RaptorsChris Bosh
94.8%
Orlando MagicDwight Howard
94.6%
Dallas MavericksJosh Howard
94.6%
Atlanta HawksJoe Johnson
93.6%
Portland Trail BlazersBrandon Roy
93.3%
Indiana PacersDanny Granger
93%
Phoenix SunsAmar'e Stoudemire
92.6%
Utah JazzDeron Williams
91.8%
Boston CelticsRay Allen
91.8%
Cleveland CavaliersMo Williams
91.8%
Los Angeles LakersPau Gasol
90.6%
Washington WizardsAntawn Jamison
89.6%
Minnesota TimberwolvesAl Jefferson
89.3%
Milwaukee BucksRichard Jefferson
89.3%
New Orleans HornetsDavid West
87.9%
Team Player % Correct
Milwaukee BucksMichael Redd
87.5%
Houston RocketsYao Ming
87.2%
Denver Nuggets/Detroit PistonsChauncey Billups
86.9%
New Jersey NetsVince Carter
86.8%
Detroit Pistons/Denver NuggetsAllen Iverson
86%
Sacramento KingsKevin Martin
85.7%
Chicago BullsBen Gordon
84.2%
Washington WizardsCaron Butler
82.9%
Detroit PistonsRichard Hamilton
82.7%
New Jersey NetsDevin Harris
81.3%
Orlando MagicRashard Lewis
79.5%
Memphis GrizzliesRudy Gay
79%
Golden State WarriorsMonta Ellis
78.3%
Memphis GrizzliesOJ Mayo
74.1%
Portland Trail BlazersLaMarcus Aldridge
73.7%
Philadelphia 76ersAndre Iguodala
72.9%
New York Knicks/Los Angeles ClippersZach Randolph
71.6%
Dallas MavericksJason Terry
71.1%
Golden State WarriorsStephen Jackson
69.9%
Phoenix SunsShaquille O'Neal
64.1%
New York Knicks/Golden State WarriorsAl Harrington
62.5%
New York KnicksNate Robinson
62.2%
Chicago Bulls/Sacramento KingsJohn Salmons
58.6%
Golden State Warriors/New York KnicksJamal Crawford
58.3%
Golden State WarriorsCorey Maggette
45.1%

You're not logged in!

Compare scores with friends on all Sporcle quizzes.
Sign Up with Email
OR
Log In

You Might Also Like...

Show Comments

Extras

Top Quizzes Today


Score Distribution

Your Account Isn't Verified!

In order to create a playlist on Sporcle, you need to verify the email address you used during registration. Go to your Sporcle Settings to finish the process.